000 00402nam a2200181Ia 4500
005 20250603145451.0
008 250603s9999 xx 000 0 und d
020 _a9780273695196
050 _aTS 155 .S563/
100 _aSlack, Nigel.
245 0 _aOperations strategy
260 _aHarlow
260 _b Prentice Hall
260 _c2008
300 _a470 p
650 _aHarlow
942 _cBK
999 _c41942
_d41942